000 00594nam a2200205 a 4500
001 12625
003 CO-ViMGA
008 141112s2004 ck r 000 u spa d
020 _a9505073941
040 _aCO-ViMGA
_bspa
_cCO-ViMGA
082 0 4 _a371.425 M842
100 1 _aMuller, Marina
_918245
245 1 0 _aDescubrir el camino :
_bNuevos aportes educaciónes y clínicos de orientación vocacional
250 _a1
260 _aBuenos Aires :
_bBonum,
_c1994
300 _a256p.
650 1 4 _aeducación Y CREATIVIDAD
_918246
650 1 4 _aORIENTACION PROFESIONAL
_918247
942 _2ddc
_cBK
999 _c23616
_d23616